Normal view MARC view

Entry Personal Name

Number of records used in: 1

001 - CONTROL NUMBER

  • control field: 8948

003 - CONTROL NUMBER IDENTIFIER

  • control field: DLC

005 - DATE AND TIME OF LATEST TRANSACTION

  • control field: 20220103121924.0

008 - FIXED-LENGTH DATA ELEMENTS

  • fixed length control field: 110120n| acannaabn |a aaa

010 ## - LIBRARY OF CONGRESS CONTROL NUMBER

  • LC control number: n 2011004056

040 ## - CATALOGING SOURCE

  • Original cataloging agency: DLC
  • Language of cataloging: eng
  • Transcribing agency: DLC

100 1# - HEADING--PERSONAL NAME

  • Personal name: Davis, Chris
  • Fuller form of name: (Christopher Michael)

400 1# - SEE FROM TRACING--PERSONAL NAME

  • Personal name: Davis, Christopher Michael

670 ## - SOURCE DATA FOUND

  • Source citation: IT auditing, c2011:
  • Information found: ECIP t.p. (Chris Davis) pub. info. (Christopher Michael Davis)

670 ## - SOURCE DATA FOUND

  • Source citation: Author's web page, viewed Jan. 20, 2011
  • Information found: (Chris Davis, CISSP, CISA; Irving, TX; security sales engineer, ForeScout Technologies; author or contributor of six books on information security; has worked for Texes Instruments, eForensics, Cisco; and U.S. Navy; B.A., nuclear engineering, Thomas Edison State College, Trenton, NJ, 1999; MBA, U. Texas at Austin, 2001)

Powered by Koha